| 000 | 00000nam 2200000zi 4500 |
| 001 | 9.937599 |
| 003 | CaOODSP |
| 005 | 20250115141042 |
| 006 | m o d f |
| 007 | cr |n||||||||| |
| 008 | 240430e202405 onca o f000 0 eng d |
| 020 | |a9780660716763|z9780660716770 |
| 040 | |aCaOODSP|beng|erda|cCaOODSP |
| 043 | |an-cn--- |
| 086 | 1 |aH139-66/2024E-PDF |
| 245 | 00|aHealth Canada warns about unregistered insecticides in the marketplace. |
| 264 | 1|a[Ottawa] : |bHealth Canada = Santé Canada, |cMay 2024. |
| 300 | |a1 online resource (1 unnumbered page) : |bcolour illustrations |
| 336 | |atext|btxt|2rdacontent |
| 337 | |acomputer|bc|2rdamedia |
| 338 | |aonline resource|bcr|2rdacarrier |
| 500 | |aIssued also in French under title: Santé Canada met en garde contre la présence sur le marché d'insecticides non autorisés. |
| 500 | |a"Pub.: 240122." |
| 500 | |aThe ISBN printed in this publication (9780660716770) is incorrect. |
| 650 | 0|aPesticides|xLaw and legislation|zCanada. |
| 650 | 0|aDichlorvos|xGovernment policy|zCanada. |
| 710 | 1 |aCanada. |bHealth Canada, |eissuing body. |
| 775 | 08|tSanté Canada met en garde contre la présence sur le marché d'insecticides non autorisés.|w(CaOODSP)9.937601 |
| 776 | 0#|tHealth Canada warns about unregistered insecticides in the marketplace.|w(CaOODSP)9.937600 |
| 856 | 40|qPDF|s313 KB|uhttps://publications.gc.ca/collections/collection_2025/sc-hc/H139-66-2024-eng.pdf |